000 00772nam a2200253Ia 4500
003 OSt
005 20220928125558.0
006 a|||||r|||| 00| 0
007 ta
008 220927b |||||||| |||| 00| 0 eng d
020 _c450
024 _a114958
037 _b217, 10/02/2012, Pioneer Book Distributors
_cTextual
040 _aSDCL
_cSDCL
_beng
041 _2eng
_aeng
082 _aWxN48,EW, N5
100 _aGray John
_9396493
245 0 _aEnlightenment's wake
_b Politics and culture at the close of the modern age.
260 _aLondon
_bRoutledge
_c1995
300 _axviii,302p
_ccm.
650 _aPhilosophy
942 _hWxN48,EW, N5
_cTEXL
_2CC
999 _c783127
_d783127